| 000 | 00622nam a2200265Ia 4500 | ||
|---|---|---|---|
| 005 | 20260121171159.0 | ||
| 008 | 008 260114s9999 xx 000 0 eng d | ||
| 020 | _a9789811365652 | ||
| 037 | _aEBOOK | ||
| 040 | _aCRL | ||
| 040 | _beng | ||
| 040 | _cCRL | ||
| 041 | _2eng | ||
| 041 | _aeng | ||
| 084 | _qCRL | ||
| 100 |
_aChih-Mei Luo _91073019 |
||
| 245 | 4 | _aThe EU’s Crisis Decade | |
| 260 | _bSpringer | ||
| 260 | _bSpringer | ||
| 260 | _c2020 | ||
| 856 | _uhttps://link.springer.com/openurl?genre=book&isbn=978-981-13-6565-2 | ||
| 942 | _cEBOOK | ||
| 999 |
_c1638749 _d1638749 |
||